Statistics for Ancient Civilisations, Kingdoms and Tribal Confederations

Click here to take the quiz!

General Stats

  • This quiz has been taken 162 times
    (145 since last reset)
  • The average score is 47 of 205

Answer Stats

GroupHint 1Hint 2Answer% Correct
Mesopotamia1895-539 BCNebuchadnezzar, Code of Hammurabi, home to two probably fictional buildingsBabylonia
91%
Mesopotamiac. 2500-609 BCAshurbanipal, Nimrud, fierce warrior societyAssyria
86%
Iranian550-330 BCCyrus, Xerxes, PersepolisAchaemenid Empire
81%
Italy753 BC to 476 ADAugustus, Pantheon, centurionRomans
81%
Mesopotamiac. 4500-1900 BCUr, Uruk, Epic of GilgameshSumer
81%
North Africac. 3150-332 BCRamesses, Memphis, pyramidsAncient Egypt
80%
Greek city-states900s-192 BCLeonidas, warrior culture, phalanxSparta
79%
Chinese dynasties, states and kingdoms221-263 ADLiu Bei, ChengduShu Han
78%
Mesopotamiac. 2334-2154 BCSargon, conquered the main neighbouring civilisationAkkadian Empire
77%
Greek city-states508-322 BCPlato, Parthenon, democracyAthens
77%
Anatoliac. 1600-1178 BCMuwatalli II, Hattusa, chariotsHittites
70%
Greece and the Aegean808-168 BCPhilip II, Alexander, PellaMacedonia
70%
North Africa814-146 BCHannibal, Punic Wars, maritime powerCarthage
69%
North Africac. 785 BC to c.350 BCShoshenq I, Meroë, pyramidsKingdom of Kush
68%
Mesoamericac. 2000 BC to 1697 ADK'inich Janaab Pakal, Tikal, sophisticated scriptMaya
65%
Chinese dynasties, states and kingdoms206 BC to 220 ADGaozu, Chang'an, Zhang Heng's seismometerHan
64%
Armenian Highlands860-590 BCMenua, Tushpa, TushpueaKingdom of Urartu
64%
Canaanc. 1047-930 BCSaul, Jerusalem, YahwismKingdom of Israel
63%
Canaan930-720 BCPekah, ShechemKingdom of Samaria
63%
Central Asia440s-710 ADKhingila I, Balkh, nomadicHephthalites
62%
Central Asiac. 370-469 ADAttila, Bleda, nomadicHunnic Empire
62%
Armenian Highlands331 BC to 428 ADTigranes, Yervandashat, also the name of a modern countryKingdom of Armenia
62%
Chinese dynasties, states and kingdoms479-502 ADGao, JiankangSouthern Qi
62%
Greece and the Aegeanc. 2700-1100 BCKnossos, seafaring, bullsMinoans
60%
Canaan2500-539 BCHiram, Tyre, thalassocraticPhoenicia
60%
Chinese dynasties, states and kingdoms221-206 BC___ Shi Huang, Xianyang, DujiangyanQin
59%
Anatolia286-1461 ADJustinian, Constantinople, Eastern OrthodoxyByzantine Empire
58%
Chinese dynasties, states and kingdoms266-420 ADYuan, Luoyang, high-quality porcelainJin
58%
Greek city-states408-357 BCDiagoras, ColossusRhodes
57%
Indian subcontinent200s-543 ADChandra_____, Pataliputra, Mahabodhi TempleGupta Empire
56%
Chinese dynasties, states and kingdoms420-479 ADWen, Jiankang, Zu ChongzhiLiu Song
54%
Indian subcontinent323-184 BCChandragupta, Ashoka, PataliputraMaurya Empire
53%
Chinese dynasties, states and kingdomsc. 1600-1046 BCDi Xin, Yinxu, oracle bonesShang
53%
Italy900-27 BCLars Porsena, Veii, Chimera of ArezzoEtruscans
52%
North Africa435-534 ADThrasamund, Hippo Regius, also covered Sicily and some other European islandsVandal Kingdom
52%
Indian subcontinentc. 3300-1300 BCMohenjo-daro, Dancing Girl statue, sophisticate sewerage systemIndus Valley Civilisation
51%
Germanic410-721 ADTheodoric, Toulouse, Hermitage of Santa María de LaraVisigothic Kingdom
51%
Scotlandc. 297-900 ADÁed mac Cináeda, Circinn, crannogsPicts
49%
Chinese dynasties, states and kingdomsc. 2070-1600 BCYu, YangchengXia
49%
Greek city-states700-146 BCDiogenes, Lechaeum, classical order named after itCorinth
48%
Germanic481-843 ADClovis, Charlemagne, Aachen,Frankish Empire
48%
Chinese dynasties, states and kingdomsc. 1046-249 BCWu, Fenghao, Mandate of HeavenZhou
48%
Greek city-statesc. 700-338 BCAristides, Sacred BandThebes
47%
Chinese dynasties, states and kingdoms222-280 ADSun Quan, Zhu Ran, WuchangWu
46%
Eurasian Steppe600s-200s BCAteas, nomadic warrior culture, gold sculptureScythians
44%
Greek city-statesc. 734-214 BCArchimedes, Fountain of Arethusa, in SicilySyracuse
44%
Anatolia1200-546 BCCroesus, Sardis, world's first coinsLydia
43%
Hellenistic states312-63 BCAntiochus, huge territory, cultural melting potSeleucid Empire
43%
East Africac. 100-960 ADEndubis, King Ezana's Stela, adopted ChristianityKingdom of Aksum
42%
North Africa202-40 BCJuba I, Cirta, El-KhroubNumidia
42%
Greece and the Aegean330-167 BCPyrrhus, AeacidesEpirus
41%
Chinese dynasties, states and kingdomsc. 1000s-600s BCJicheng, modern BeijingJi
41%
Iranian2700-539 BCEbarti, Susa, early writingElam
40%
Korea?-108 BCJun, Wanggeom, Mumun potteryGojoseon
40%
Indian subcontinent300s BC to 1279 ADRajendra II, Thanjavur, Brihadisvara TempleChola dynasty
36%
West Africac. 300-1100 ADKaya Magan Cissé, Koumbi SalehGhana Empire
36%
Mongolia209 BC to 93 ADModu, nomadic, had a war with the Chinese dynasty at the timeXiongnu
36%
Chinese dynasties, states and kingdoms386-535 ADXiaowen, Shengle, Shaolin MonasteryNorthern Wei
35%
Korea57 BC to 935 ADGyeongsun, Gyeongju, SeokguramSilla
35%
Mesopotamiac. 1500-1300 BCShaushtatar, KikkuliMitanni
33%
Greece and the Aegeanc. 1600-1100 BCAgamemnon, Messene, palacesMycenaeans
33%
Korea37 BC to 668 ADDongmyeong, Gungnae, highly militaristicGoguryeo
32%
Chinese dynasties, states and kingdoms220-266 ADCao Pi, Xuchang, kaishuWei
32%
Armenian Highlands1200s-164 BCHeniochi, Aea, later became a region in various empiresColchis
31%
Iranian678-549 BCAstyages, Ecbatana, pre-Zoroastrian religionMedian Empire
31%
Mesoamerica1500-400 BCSan Lorenzo, heads, jaguar worshipOlmecs
30%
Canaan270-273 ADZenobia, VaballathusPalmyrene Empire
30%
Hellenistic states305-30 BCCleopatra, Alexandria, SerapisPtolemaic Kingdom
30%
Scotlandc. 83-230 ADHillforts, ancient name for ScotlandCaledonians
28%
Chinese dynasties, states and kingdomsc. 1030-223 BCXiang Yu, Shouchun, bronze vesselsChu
28%
Chinese dynasties, states and kingdoms1000s-222 BCQin Kai, Ji, knife moneyYan
28%
Indochina192-1832 ADIndrapura, Po Nagar, Mỹ SơnChampa
27%
Eurasian Steppe439-744 ADBumin Qaghan, Kul TiginGöktürks
27%
Hellenistic states180 BC to 10 ADStrato, Taxila, influenced Indian artIndo-Greek Kingdom
27%
Hellenistic states281 BC to 62 ADMithridates, Sinope, syncretic religionKingdom of Pontus
26%
North Africa500 BC to 700 ADGerma, mentioned by HerodotusGaramantes
25%
East Africa2400-1069 BCPerahu, unknown location, traded with a North African civilisationLand of Punt
25%
Mesoamericac. 700 BC to 1521 ADCosijoeza, Monte Albán, CocijoZapotec
25%
Japan (period in its history)300 BC to 300 ADYoshinogari, dōtaku, WoYayoi
23%
Korea18 BC to 660 ADSeong, Wirye, Gilt-Bronze Incense BurnerBaekje
22%
Arab200s BC to 106 ADObodas I, PetraNabataean Kingdom
22%
Mongolia330-555 ADYujiulü Dengshuzi, Mumo city, first people to use the title "khan"Rouran Khaganate
22%
Iranian224-651 ADShapur, Mani, CtesiphonSasanian Empire
22%
South America100-700 ADHuaca del Sol, portrait vessels, tapestriesMoche
21%
Mongolia93-234 ADTanshihuai, had their capital near the Orkhon River, nomadicXianbei state
21%
Korea42-562 ADSuro, Bihwa ____, ironworkGaya
20%
Germanic409-585 ADHermeric, BragaKingdom of the Suebi
20%
Indian subcontinent30-375 ADKipunada, Peshawar, LokakṣemaKushan Empire
20%
Indian subcontinentc. 200s BC to 1400 ADKadungon, Madurai, Meenakshi TemplePandya dynasty
20%
Korea100s BC to 494 ADHae Buru, Hae Mo-suBuyeo
19%
Central Asiac. 2400–1900 BCGonur Depe, named after two regions or a river (depending on name)Oxus civilisation
19%
Japan (period in its history)c. 250-538 ADKeyhole-shaped tombs, HaniwaKofun
17%
Anatoliac. 1200-700 BCMidas/Mita, GordiumPhrygia
17%
Korea1st Century BC to 4th Century ADCollection of three confederacies, Byeohan, Jinhan and MahanSamhan
16%
Eurasian Steppe400s BC to 300s ADBanadaspus, nomadicSarmatians
16%
Iranian500s BC to 1000s ADSamarkandSogdia
16%
Hellenistic states297-74 BCPrusias, Nicomedia, AntinousBithynia
15%
Hellenistic states256-125 BCEuthydemus, city now known as Balkh, influenced Indian artGreco-Bactrian Kingdom
15%
Indochina204-111 BCZhao Mo, Panyu, Chinese rulersNanyue
15%
Greek city-states600s-417 BCPheidon, Polykleitos, HeraionArgos
14%
Arabia1200 BC to 275 ADIlasaros, SirwahKingdom of Saba'
14%
Indochina50-550 ADVyadhapura, Óc Eo, Sanskrit as language of the courtFunan
12%
Europe (other)260-274 ADMarius, Postumus, Colonia AgrippinaGallic Empire
12%
Germanic411-534 ADGunther, Lugdunum SegusianorumKingdom of the Burgundians
12%
Canaan1200s-400 BCDibon, Mesha SteleMoab
12%
Hellenistic states282-133 BCSosus, Epigonus, had a famous altarPergamon
12%
Chinese dynasties, states and kingdoms?-306 BCGoujian, Kuaiji, Xi ShiYue
12%
Hellenistic states320s BC to 17 ADAriarathes I, syncretic religionKingdom of Cappadocia
10%
Germanicc. 213-496 ADChrocus, Battle of MediolanumAlemanni
9%
Europe (other)c. 200s-57 BCBellovaci, northern GaulBelgae
9%
South America900-200 BC______ de Huantar, LanzónChavín
9%
Canaan1200s-125 BCBozrahEdom
9%
Arabia110 BC to 525 ADAbu Karib, Sana'aHimyarite Kingdom
9%
Indian subcontinent200s-300s ADBharashiva, VidishaNagas of Padmavati
9%
Europe (other)c. 500-15 BCCamunni, AlpineRhaetians
9%
Mesoamerica200 BC to 750 ADPyramid of the Sun, Avenue of the Dead, Palace of QuetzalpapálotlTeotihuacan
9%
Mesopotamia15-116 ADIzates, ArbelaAdiabene
7%
Greek city-statesc. 500s-146 BCPyrrho, Coroebus, OlympiaElis
7%
Arabc. 300-602 ADImru al-Qays ibn Amr, al-HirahLakhmids
7%
Indochina450-1388 ADPhraya Kalavarnadit, AyutthayaLavo Kingdom
7%
Celts100 BC to 180 ADMaroboduus, FritigilMarcomanni
7%
South Americac. 3500-1800 BCAspero, circular plazas, early pyramidsNorte Chico civilisation
7%
Germanic400s-500s ADArdaric, Cunimund, SirmiumGepidia
6%
Celts1st Century BC to 100s ADDivico, VindonissaHelvetii
6%
North Africac. 200 BC to 44 ADBocchus I, Volubilis, also very similar to the name of a modern countryMauretania
6%
Central Africa500s BC to 1500s ADChari River basin, terracotta statues, skilled metalworkersSao civilisation
6%
Canaan900s-248 BCHanun, Rabbath _____, MilkomiteAmmon
5%
Sri Lanka377 BC to 1017 ADManavanna, Jaya Sri Maha Bodhi, SigiriyaAnuradhapura Kingdom
5%
Iranianc. 323 BC to 200s ADDarius I, GanzakAtropatene
5%
Arab220-638 ADAl-Harith ibn Jabalah, JabiyahGhassanids
5%
Armenian Highlandsc. 3400-2000 BCShengavit Settlement, farming, viticultureKura-Araxes
5%
Indian subcontinentc. 1200-525 BCAssandh, srauta ritual, first coins in IndiaKuru
5%
Thrace480 BC to 46 ADSitalces, Teres IOdrysian kingdom
5%
Armenian Highlandsc. 1300s-1190 BCUbbumuShupria
5%
Hellenistic statesc. 438 BC to c. 370 ADLeukon I, Panticapaeum, became the longest surviving client kingdom of a famous empireBosporan Kingdom
4%
Indian subcontinentc. 100s BC to 1100s ADSenguttuvan, Vanchi Karuvur, Vazhappally copper plateChera dynasty
4%
Armenian Highlandsc. 1100-760 BCKing Asia, ZuaDiauehi
4%
Armenian Highlandsc. 1500-1290 BCMursili II, collapse of HattiHayasa-Azzi
4%
North Africac. 2500-1500 BCLarge tumulusKerma Kingdom
4%
Central Asiac. 300 BC to 1006 ADViśa' Saṃbhava, Yotkan, major centre of BuddhismKingdom of Khotan
4%
Indian subcontinentc. 600-345 BCCollection of sixteen kingdoms, Gandhara, VedasMahajanapadas
4%
Armenian Highlands1114-860 BCLittle is known about them, contended with two neighbouring civilisations, later incorporated into another kingdomNairi
4%
Arab700s BC to 100s ADYatie, nomadicQedarites
4%
Indian subcontinent35-405 ADChashtana, Ujjain, Great ChaityaWestern Satraps
4%
Ireland331-1585 ADColla Uais, ArmaghAirgíalla
2%
Arab1st Century to 100s ADWas besieged by two different empiresAraba
2%
Arabiac. 3000s-538 BCInzak, SarDilmun
2%
East Africac. 980-400 BCWʿrn Ḥywt, YehaD'mt
2%
Greek city-states700s-343 BCAchaeus, PhiloxenusEretria
2%
Indian subcontinent19-225 ADGondophares, Kabul, helped spread of BuddhismIndo-Parthian Kingdom
2%
Indian subcontinent350-1140 ADPushyavarman, PragjyotishpuraKamarupa
2%
Indonesia350-1605 ADMulavarman, modern East KalimantanKutai
2%
Malay Peninsula100s-1400s ADMerong Mahawangsa, possibly near modern YarangLangkasuka
2%
Germanicc. 100 BC to 300 ADHarii, Manimi, HelisiiLugii
2%
Indian subcontinent493-776 ADBhatarka, Vallabhi, Gop TempleMaitraka dynasty
2%
North Africa400s-1500s ADZacharias III, Dongola, muralsMakuria
2%
North Africac. 400-600s ADPachoras, archeryNobatia
2%
Arab132 BC to 214 ADEdessa, Aramean population with Arab rulersOsroene
2%
Thrace?-230 BCPatraus, AudoleonPaeonia
2%
Germanic467-487 ADFlaccitheus, VindobonaRugiland
2%
Europe (other)c. 600-122 BCTutomotulus, LigurianSalyes
2%
Indian subcontinent100s BC to 200s ADGautamiputra Satakarni, Sanchi, Karla CavesSatavahana dynasty
2%
Indian subcontinent185-75 BCDevabhuti, Pataliputra, Heliodorus pillarShunga Empire
2%
Indonesia358-669 ADPurnawarman, SundapuraTarumanagara
2%
Irelandc. 450-1177 ADForga mac Dallán, Mag BileUlaid
2%
Tibetc. 500 BC to 625 ADKyunglung, Bon religion, later conquered by the Tibetan EmpireZhangzhung
2%
Greek city-statesc. 700s-400s BCSmilis, maritime powerAegina
1%
Indian subcontinent200s-300s ADChamtamula, Vijayapuri, NagarjunakondaAndhra Ikshvaku
1%
Indochina257-179 BCAn Dương Vương, Cổ Loa CitadelÂu Lạc
1%
North Africa600 BC to 200s ADFaras, Ballana, Isis (goddess) cultBlemmyes
1%
Celtsc. 54 BC to 300s ADCaratacus, VerulamiumCatuvellauni
1%
Malay Peninsula100 BC to 600s ADChu-dan, Sing-haChi Tu
1%
Indian subcontinent1st Century BC to 200s ADBanavasiChutu dynasty
1%
Ireland100s-1600s ADLugaid Mac Con, MunsterCorcu Loígde
1%
Chinese dynasties, states and kingdomsc. 1510-1460 BCBronze vesselsErligang
1%
Malay Peninsula100s-1026 ADBeruas, conquered by an Indian empireGangga Negara
1%
Central Asiac. 2000s BCShahr-e Sukhteh, MundigakHelmand civilisation
1%
Ireland400s-800s ADCoirpre Luachra mac Cuirc, EóganachtaIarmuman
1%
Ireland300s-1543 ADFergus mac Áedáin, RathfrilandIveagh
1%
Indian subcontinent200s-500s ADVelvikudi grantKalabhra dynasty
1%
Central Asia1st Century BC to 400s ADVanvan, Kangu, BitianKangju
1%
Indian subcontinent75-30 BCVasudeva, PataliputraKanva dynasty
1%
Malay Peninsula400s-800s ADImportant trading centre, located close to the Straits of MalaccaKedah
1%
Arab100s BC to 525 ADImru' al-Qais Junduh bin Hujr al-Kindi, Qaryat al-FawKindah
1%
Sri Lanka543-437 BCVijaya, UpatissagāmaKingdom of Tambapaṇṇī
1%
Indian subcontinent?-500 BCJanaka, Mithila, YajnavalkyaKingdom of the Videhas
1%
Indian subcontinentc. 400-750 ADAmshuverma, Kathmandu ValleyLicchavi
1%
Arab552-353 BCDhu-Ghabat, giant statuesLihyan
1%
Indian subcontinent1st Century BC to 400s ADUdayagiri and Khandagiri CavesMahameghavahana dynasty
1%
Indian subcontinent300s-400s ADShankara-varman, Shakti-varmanMathara dynasty
1%
Chinese dynasties, states and kingdoms334-111 BCWuzhu, Dongye, snake totemismMinyue
1%
Indian subcontinent150-50 BCBrahma_____, Mathura, Yavanarajya inscriptionMitra dynasty
1%
Malay Peninsula400s-1454 ADSri Bhadravarman, Inderapura, gold tradeOld Pahang Kingdom
1%
Ireland150-1541 ADÓengus Osrithe, KilkennyOsraige
1%
Indian subcontinent275-897 ADSimhavishnu, Kanchipuram, Shore TemplePallava Empire
1%
Indian subcontinentc. 900 BC to c. 400 ADKeśin Dālbhya, Ahichatra, possibly a fusion of five tribesPanchala
1%
Indian subcontinent450 BC to 489 ADRaja Dhaj, SukkurRor dynasty
1%
Indonesia130-362 ADDewawarmanSalakanagara
1%
Central Asiac. 200 BC to 790 ADDouti, KashgarShule Kingdom
1%
Celtsc. 400s BC to 383 ADCaratacus, chariotsSilures
1%
Germanic400s-532 ADBisinus, later became a German stateThuringii
1%
Ireland400s-1607 ADHugh Roe O'Donnell, Donegal CastleTyrconnell
1%
Ireland300s-1200s ADFiachu Fidgenid, Brugh RíoghUí Fidgenti
1%
Ireland300s-1220 ADEochu Liathán, CastlelyonsUí Liatháin
1%
Ireland300s-1611 ADFiachra Finn, ConnachtUí Maine
1%

Score Distribution

Percentile by Number Answered

Percent of People with Each Score

Your Score History

You have not taken this quiz since the last reset